El mandarín [Registro sonoro] / (Registro nro. 12607)

000 -CABECERA
campo de control de longitud fija 01962nam a2200325Ia 4500
003 - IDENTIFICADOR DEL NÚMERO DE CONTROL
campo de control OSt
005 - FECHA Y HORA DE LA ÚLTIMA TRANSACCIÓN
campo de control 20201111154815.0
008 - DATOS DE LONGITUD FIJA--INFORMACIÓN GENERAL
campo de control de longitud fija 200115s9999 xx 000 0 und d
020 ## - NÚMERO INTERNACIONAL ESTÁNDAR DEL LIBRO
Número Internacional Estándar del Libro 9589494366
040 ## - FUENTE DE LA CATALOGACIÓN
Centro catalogador/agencia de origen CO-BoRNBP
Lengua de catalogación spa
Normas de descripción rda
Centro/agencia transcriptor CO-BoRNBP
041 ## - CÓDIGO DE LENGUA
Código de lengua del texto/banda sonora o título independiente spa
084 ## - OTRO NÚMERO DE CLASIFICACIÓN
Número de clasificación N QUE15
100 1# - ENTRADA PRINCIPAL--NOMBRE DE PERSONA
Nombre de persona Queiróz, José María Eça de, 18451900
245 #0 - MENCIÓN DE TÍTULO
Título El mandarín [Registro sonoro] /
Mención de responsabilidad, etc. Eca de Queiroz ; leído por Carlos J. Vega ; traducción y adaptación Bernardo Hoyos
264 #1 - PRODUCCIÓN, PUBLICACIÓN, DISTRIBUCIÓN, FABRICACIÓN Y COPYRIGHT
Producción, publicación, distribución, fabricación y copyright Bogotá :
Nombre del de productor, editor, distribuidor, fabricante Fonolibros de Colombia,
Fecha de producción, publicación, distribución, fabricación o copyright Yoyo Libros
300 ## - DESCRIPCIÓN FÍSICA
Extensión 1 disco compacto en formato MP3 (158 minutos) :
Otras características físicas sonoro digital ;
Dimensiones 13 cm.
336 ## - TIPO DE CONTENIDO
Término de tipo de contenido texto
Código de tipo de contenido txt
Fuente rdacontent
337 ## - TIPO DE MEDIO
Nombre/término del tipo de medio sin mediación
Código del tipo de medio n
Fuente rdamedia
338 ## - TIPO DE SOPORTE
Nombre/término del tipo de soporte volumen
Código del tipo de soporte nc
Fuente rdacarrier
490 0# - MENCIÓN DE SERIE
Mención de serie Audio Libros Literatura para oír
500 ## - NOTA GENERAL
Nota general Disco compacto en formato MP3 \ Resumen: "El dilema moral del mandarín. El viejo dilema de si una persona, ocasionando la muerte de alguien que no conoce consigue toda la riqueza y el poder es la historia de "El mandarín" del portugués José María Eca de Queiroz(18451900). En ella un pobre empleadillo al tocar una campana hace que muera un lejano mandarín en China y hereda sus riquezas. Pero la obsesión de haber sido la causa de la muerte de un inocente embarga al ahora poderoso protagonista y el resto de la historia cuenta sus intentos de rehabilitación. Es una fantasía irónica que es considerada una de las grandes novelas del ilustre escritor, ya que tiene vigencia permanente" \ Recomendado para un público mayor de 15 años
650 17 - PUNTO DE ACCESO ADICIONAL DE MATERIA--TÉRMINO DE MATERIA
Término de materia o nombre geográfico como elemento de entrada Autores portugueses audiolibros
650 17 - PUNTO DE ACCESO ADICIONAL DE MATERIA--TÉRMINO DE MATERIA
Término de materia o nombre geográfico como elemento de entrada Herencia novela audiolibros
650 17 - PUNTO DE ACCESO ADICIONAL DE MATERIA--TÉRMINO DE MATERIA
Término de materia o nombre geográfico como elemento de entrada Literatura portuguesa siglo xix audiolibros
650 17 - PUNTO DE ACCESO ADICIONAL DE MATERIA--TÉRMINO DE MATERIA
Término de materia o nombre geográfico como elemento de entrada Novela portuguesa siglo xix audiolibros
650 17 - PUNTO DE ACCESO ADICIONAL DE MATERIA--TÉRMINO DE MATERIA
Término de materia o nombre geográfico como elemento de entrada Poder novela audiolibros
650 17 - PUNTO DE ACCESO ADICIONAL DE MATERIA--TÉRMINO DE MATERIA
Término de materia o nombre geográfico como elemento de entrada Riqueza novela audiolibros
700 1# - PUNTO DE ACCESO ADICIONAL--NOMBRE DE PERSONA
Nombre de persona Vega, Carlos J. \ Hoyos Pérez, Bernardo, 19342012
942 ## - ELEMENTOS DE PUNTO DE ACCESO ADICIONAL (KOHA)
Fuente del sistema de clasificación o colocación
Tipo de ítem Koha Audio libro
Existencias
Estado de retiro Estado de pérdida Fuente del sistema de clasificación o colocación Estado dañado No para préstamo Código de colección Localización permanente Ubicación/localización actual Fecha de adquisición Total de préstamos Signatura topográfica completa Código de barras Fecha visto por última vez Fecha del último préstamo Número de copia Precio válido a partir de Tipo de ítem Koha Nota pública
          Multimedia Biblioteca Pública San Juan Bosco Biblioteca Pública San Juan Bosco 11/11/2020 1 N QUE16 MOS500180 20/11/2020 12/11/2020 Ej 1 11/11/2020 Audio libro Quince dias

© Todos los derechos reservados para la Biblioteca Pública Municipal San Juan Bosco, 2020
Secretaria de Cultura de Mosquera
Carrera 3 N° 10 Esquina Centro Cultural Barrio El Carmén Teléfono: 8270830 Ext: 34
Funcionando con KOHA
Contacto: Biblioteca Pública Municipal San Juan Bosco/ bibliotecasanjuanbosco@mosquera-cundinamarca.gov.co
Mosquera, Cundinamarca